00795nam a2200217 a 4500999001500000001000600015003000900021005001700030008004100047040003800088082002400126245008400150260007200234300002200306505001100328546002500339650002100364710005400385942001200439952012600451 c1396d139611006BD-DhUAP20210120152202.0200206s2007 bg l f001 0 eng d aBD-DhUAPcBD-DhUAPdBD-DhUAPbEng00a348.5492022 BAN22314aThe Bangladesh code :bordinance No. XXVII of 1983 to ordinance No. LV of 1983. aDhaka :bMinistry of Law, Justice and Parliamentary Affairs,c2007. avolumes ;c24 cm. aV. 6-- aEnglish and Bengali. 0aLawzBangladesh. aGovernment of the peoples republic of Bangladesh. 2ddccBK 00102ddc4070aUAPCLbUAPCLcGeneral Stacksd2020-02-06o348.5492022 BAN V-6p3010010988r2020-02-06t1w2020-02-06yBK